| 000 -LEADER |
| fixed length control field |
01262cam a2200301 a 4500 |
| 001 - CONTROL NUMBER |
| control field |
Knu170055 |
| 003 - CONTROL NUMBER IDENTIFIER |
| control field |
OCoLC |
| 005 - DATE AND TIME OF LATEST TRANSACTION |
| control field |
20190724103608.0 |
| 008 - FIXED-LENGTH DATA ELEMENTS--GENERAL INFORMATION |
| fixed length control field |
120601t20162011nyub 000 1 eng d |
| 020 ## - INTERNATIONAL STANDARD BOOK NUMBER |
| International Standard Book Number |
9780452298019 |
| 020 ## - INTERNATIONAL STANDARD BOOK NUMBER |
| International Standard Book Number |
0452298016 |
| 035 ## - SYSTEM CONTROL NUMBER |
| System control number |
.b20068104 |
| 035 ## - SYSTEM CONTROL NUMBER |
| System control number |
(OCoLC)794602045 |
| Canceled/invalid control number |
(OCoLC)760974147 |
| 040 ## - CATALOGING SOURCE |
| Original cataloging agency |
ZPJ |
| Language of cataloging |
eng |
| Transcribing agency |
ZPJ |
| Modifying agency |
BTCTA |
| -- |
BDX |
| -- |
OCLCO |
| -- |
UBF |
| -- |
JDTBL |
| -- |
YDXCP |
| -- |
OCLCF |
| -- |
GW5 |
| -- |
IZ8 |
| -- |
OCLCO |
| -- |
FIN |
| -- |
RNI |
| 042 ## - AUTHENTICATION CODE |
| Authentication code |
nbic |
| 049 ## - LOCAL HOLDINGS (OCLC) |
| Holding library |
RNIA |
| 082 0# - DEWEY DECIMAL CLASSIFICATION NUMBER |
| Classification number |
FIC GRO |
| 100 1# - MAIN ENTRY--PERSONAL NAME |
| Personal name |
Grossman, Lev. |
| Relator term |
author |
| 245 14 - TITLE STATEMENT |
| Title |
The magician king : |
| Remainder of title |
a novel / |
| Statement of responsibility, etc. |
Lev Grossman. |
| 260 ## - PUBLICATION, DISTRIBUTION, ETC. |
| Place of publication, distribution, etc. |
New York : |
| Name of publisher, distributor, etc. |
Penguin Books, |
| Date of publication, distribution, etc. |
2016. |
| 300 ## - PHYSICAL DESCRIPTION |
| Extent |
400, 14 p. : |
| Other physical details |
map ; |
| Dimensions |
22 cm. |
| 490 ## - SERIES STATEMENT |
| Series statement |
The magicians trilogy |
| Volume/sequential designation |
2 |
| 500 ## - GENERAL NOTE |
| General note |
Sequel to The Magicians. |
| 520 ## - SUMMARY, ETC. |
| Summary, etc. |
In the land of Fillory, Quentin Coldwater, now a king, feels restless, but after a royal hunting excursion ends on a sinister note, Quentin and Julia, a high school friend and a Fillory queen, charter a ship and set sail for adventure--which sends them straight to Quentin's parents' house in Massachusetts, where they uncover a new threat more dangerous than anything they have faced before. |
| 650 #0 - SUBJECT ADDED ENTRY--TOPICAL TERM |
| Topical term or geographic name entry element |
College graduates |
| Form subdivision |
Fiction. |
| 650 #0 - SUBJECT ADDED ENTRY--TOPICAL TERM |
| Topical term or geographic name entry element |
Magic |
| Form subdivision |
Fiction. |
| 942 ## - ADDED ENTRY ELEMENTS (KOHA) |
| Source of classification or shelving scheme |
|
| Koha item type |
Books - Fiction |